000 00386nam a2200157Ia 4500
008 240729s9999 xx 000 0 und d
022 _a2296-3529
245 0 _aDermatopathology
260 _aSwitzerland
260 _bMDPI AG
650 _a Dermatology
650 _aMedicine
856 _uhttps://doaj.org/toc/162c0bb4c1134877a6c553d7d05829d0
942 _2ddc
942 _cDOAJEJ
999 _c70396
_d70396
945 _a1
_bMadushi Gamage
_c1
_dMadushi Gamage